Milwaukee Bucks Head Coaches by Picture - Statistics

General Stats
  • This quiz has been taken 21 times
  • The average score is 9 of 17
Answer Stats
Picture Hint Answer % Correct
2024-Present Doc Rivers
94%
2014-2018 Jason Kidd
94%
1998-2003 George Karl
89%
2018-2023 Mike Budenholzer
83%
1976-1987 Don Nelson
78%
2008-2013 Scott Skiles
72%
1992-1996 Mike Dunleavy Sr.
61%
2023 Adrian Griffin
56%
1987-1991 Del Harris
56%
2003-2005 Terry Porter
56%
1968-1976 Larry Costello
44%
2018 | 2024 Joe Prunty
39%
1996-1998 Chris Ford
33%
2013-2014 Larry Drew
33%
2013 Jim Boylan
22%
2007-2008 Larry Krystkowiak
22%
1991-1992 Frank Hamblen
11%
No matching quizzes found
Score Distribution
Percent of People with Each Score
Percentile by Number Answered
Your Score History
You have not taken this quiz